000 004610000a22001810004500
003 MACL
005 20150902133647.0
008 150902b xxu||||| |||| 00| 0 eng d
040 _aMACL
_cMACL
041 _aEnglish
082 _a800/THA
100 _aLalita, K
_98585
245 _aWomen Writing In India
_b600 B C To The Present
260 _bOxford University Press
_c1993
_aNew Delhi
350 _a500
650 _aLiterature
_98586
942 _cBK
_k800
_2ddc
999 _c3012
_d3012